000 00611nam a2200217 a 4500
005 20240810063838.0
008 090511s2005 es r 000 0 spa d
020 _a8423676579
035 _aUPN01000170343
049 _aCG
050 4 _aPQ6669 I3.7
_bD6.5 2005
100 1 _aSierra i Fabra, Jordi,
_d1947-
_930256
245 1 0 _aDonde esté mi corazón /
_cJordi Sierra i Fabra.
250 _a11a ed.
260 _aBarcelona, Esp. :
_bEdebé,
_c2005.
300 _a217 p.
440 0 _aPeriscopio ;
_v41
650 0 _aLiteratura juvenil española
_912359
650 4 _aAmor
_vNovela
_9397
905 _aLibro
999 _c142448
_d142448